「か」から始まる市区町村 - Statistics

General Stats
  • This quiz has been taken 143 times
    132 since last reset
  • The average score is 56 of 127
Answer Stats
市区町村 都道府県 % Correct
甲斐市 山梨県
92%
川崎市 神奈川県
85%
加賀市 石川県
82%
川越市 埼玉県
82%
加古川市 兵庫県
77%
各務原市 岐阜県
73%
鹿嶋市 茨城県
73%
鹿島市 佐賀県
71%
貝塚市 大阪府
68%
柏原市 大阪府
68%
加須市 埼玉県
68%
加西市 兵庫県
67%
鹿児島市 鹿児島県
65%
柏市 千葉県
65%
春日部市 埼玉県
65%
唐津市 佐賀県
65%
海南市 和歌山県
64%
笠間市 茨城県
64%
春日井市 愛知県
64%
加東市 兵庫県
64%
金沢市 石川県
64%
川口市 埼玉県
64%
掛川市 静岡県
62%
加茂市 新潟県
62%
橿原市 奈良県
61%
可児市 岐阜県
61%
柏崎市 新潟県
58%
釜石市 岩手県
58%
鎌ヶ谷市 千葉県
58%
亀山市 三重県
58%
川西市 兵庫県
58%
海津市 岐阜県
56%
刈谷市 愛知県
56%
かほく市 石川県
55%
鎌倉市 神奈川県
55%
開成町 神奈川県
53%
春日市 福岡県
53%
鹿屋市 鹿児島県
53%
神埼市 佐賀県
53%
勝浦市 千葉県
52%
勝山市 福井県
52%
嘉麻市 福岡県
52%
香美市 高知県
52%
河内長野市 大阪府
52%
笠岡市 岡山県
50%
上川町 北海道
50%
軽井沢町 長野県
50%
かつらぎ町 和歌山県
48%
加美町 宮城県
48%
亀岡市 京都府
48%
鴨川市 千葉県
48%
交野市 大阪府
47%
神栖市 茨城県
47%
かすみがうら市 茨城県
45%
鹿角市 秋田県
45%
葛城市 奈良県
44%
香美町 兵庫県
44%
刈羽村 新潟県
42%
河合町 奈良県
42%
川越町 三重県
42%
苅田町 福岡県
42%
海田町 広島県
41%
海陽町 徳島県
41%
香芝市 奈良県
41%
門真市 大阪府
41%
笠松町 岐阜県
39%
葛飾区 東京都
39%
河南町 大阪府
39%
上富良野町 北海道
39%
川北町 石川県
39%
観音寺市 香川県
39%
甘楽町 群馬県
39%
香取市 千葉県
38%
神川町 埼玉県
38%
川上村 奈良県
38%
神流町 群馬県
38%
笠置町 京都府
36%
嘉手納町 沖縄県
36%
鹿沼市 栃木県
36%
河津町 静岡県
36%
川南町 宮崎県
36%
勝浦町 徳島県
35%
河北町 山形県
35%
上北山村 奈良県
35%
上山市 山形県
35%
上天草市 熊本県
33%
川島町 埼玉県
33%
川根本町 静岡県
33%
粕屋町 福岡県
32%
片品村 群馬県
32%
金ヶ崎町 岩手県
32%
上市町 富山県
32%
神河町 兵庫県
32%
上郡町 兵庫県
32%
上士幌町 北海道
32%
上富田町 和歌山県
32%
潟上市 秋田県
30%
上小阿仁村 秋田県
30%
上関町 山口県
30%
神山町 徳島県
30%
香春町 福岡県
30%
函南町 静岡県
30%
鏡野町 岡山県
29%
河内町 茨城県
29%
角田市 宮城県
27%
風間浦村 青森県
27%
上砂川町 北海道
27%
上ノ国町 北海道
27%
川場村 群馬県
27%
川辺町 岐阜県
27%
上板町 徳島県
26%
上里町 埼玉県
26%
上三川町 栃木県
26%
神恵内村 北海道
26%
川本町 島根県
26%
鏡石町 福島県
24%
嘉島町 熊本県
23%
蟹江町 愛知県
23%
上勝町 徳島県
23%
軽米町 岩手県
23%
川俣町 福島県
23%
上牧町 奈良県
23%
門川町 宮崎県
21%
川内村 福島県
21%
川棚町 長崎県
15%
上峰町 佐賀県
14%
葛尾村 福島県
11%
No matching quizzes found
Score Distribution
Percent of People with Each Score
Percentile by Number Answered
Your Score History
You have not taken this quiz since the last reset